[Event "Bogota El Tablazo op"]
[Site "Bogota"]
[Date "2021.11.05"]
[Round "3"]
[White "Campos Cruz, Felix Antonio"]
[Black "Guerra Ramirez, Jorge"]
[Result "1/2-1/2"]
[WhiteElo "1313"]
[BlackElo "1012"]
[PlyCount "88"]
[EventDate "2021.11.04"]
[EventType "swiss"]
[EventRounds "7"]
[EventCountry "COL"]
[SourceTitle "CBM 205 Extra"]
[Source "ChessBase"]
[SourceDate "2022.01.31"]
[SourceVersion "1"]
[SourceVersionDate "2022.01.31"]
[SourceQuality "1"]

1. d4 d5 2. g3 Nc6 3. Bg2 Nf6 4. Nf3 Bf5 5. c3 e6 6. Bg5 Be7 7. 0-0 0-0 8. Nh4 Ne4 9. Bxe7 Nxe7 10. Nxf5 Nxf5 11. Nd2 Nxd2 12. Qxd2 Nd6 13. b3 c6 14. a4 a6 15. Qd3 Qg5 16. h4 Qf5 17. Qxf5 Nxf5 18. e4 dxe4 19. Bxe4 Nd6 20. Bd3 b5 21. a5 Rac8 22. b4 Rfe8 23. f4 g6 24. Rae1 h5 25. Kg2 f5 26. Re3 Rc7 27. Rfe1 Rce7 28. Re5 Kf7 29. Kf3 Kf6 30. Rc5 Rc8 31. Rc1 Nb7 32. Re5 Rd8 33. Ke3 Rd5 34. c4 Rxe5+ 35. dxe5+ Kf7 36. c5 Rd7 37. Rd1 Ke7 38. Rd2 Nd8 39. Be2 Rxd2 40. Kxd2 Nf7 41. Ke3 Kd7 42. Kd4 Nh6 43. Bf3 Kc7 44. Be2 Kd7 1/2-1/2

[Event "COL-ch"]
[Site "Bogota"]
[Date "2018.11.09"]
[Round "6"]
[White "Campos Cruz, Felix Antonio"]
[Black "Caballero Marrugo, David Jose"]
[Result "0-1"]
[WhiteElo "1318"]
[BlackElo "1547"]
[PlyCount "92"]
[EventDate "2018.11.06"]
[EventType "swiss"]
[EventRounds "9"]
[EventCountry "COL"]
[SourceTitle "CBM 187 Extra"]
[Source "ChessBase"]
[SourceDate "2018.11.04"]
[SourceVersion "1"]
[SourceVersionDate "2018.11.04"]
[SourceQuality "1"]

1. e4 e6 2. d4 d5 3. e5 c5 4. Be3 Nc6 5. Nf3 Nge7 6. dxc5 Ng6 7. Bd3 Ngxe5 8. Nxe5 Nxe5 9. a3 Qc7 10. b4 Bd7 11. Nd2 Ba4 12. Qe2 a6 13. Bd4 Nxd3+ 14. cxd3 Bd7 15. 0-0 f6 16. Rfe1 e5 17. Bb2 Bc6 18. Nf3 Be7 19. Nh4 Qd7 20. h3 g5 21. Qh5+ Kd8 22. Nf3 d4 23. Nd2 Kc7 24. Qe2 Rag8 25. Ne4 g4 26. h4 Qd5 27. f4 gxf3 28. Qxf3 Rg7 29. Re2 Rf8 30. Qf5 Bd7 31. Qf2 Rfg8 32. Qf1 Bh3 33. Kh2 Bxg2 34. Rxg2 Rxg2+ 35. Qxg2 Rxg2+ 36. Kxg2 f5 37. Kf3 fxe4+ 38. dxe4 Qb3+ 39. Kg4 Qxb2 40. Rf1 Qg2+ 41. Kf5 Qxf1+ 42. Kxe5 d3 43. Ke6 d2 44. Kxe7 d1Q 45. e5 Qd8+ 46. Ke6 Qd7# 0-1

[Event "COL-ch"]
[Site "Bogota"]
[Date "2018.11.06"]
[Round "1"]
[White "Cortes, Jhony A"]
[Black "Campos Cruz, Felix Antonio"]
[Result "1-0"]
[WhiteElo "1949"]
[BlackElo "1318"]
[PlyCount "65"]
[EventDate "2018.11.06"]
[EventType "swiss"]
[EventRounds "9"]
[EventCountry "COL"]
[SourceTitle "CBM 187 Extra"]
[Source "ChessBase"]
[SourceDate "2018.11.04"]
[SourceVersion "1"]
[SourceVersionDate "2018.11.04"]
[SourceQuality "1"]

1. e4 e5 2. Nf3 Nc6 3. Bb5 Nf6 4. Bxc6 dxc6 5. d3 Bg4 6. h3 Bxf3 7. Qxf3 h6 8. Be3 c5 9. Nd2 Bd6 10. a4 a5 11. Nc4 Qd7 12. g4 Qe6 13. b3 g5 14. Bd2 b6 15. Ne3 Kd7 16. Nf5 Rag8 17. h4 gxh4 18. Rxh4 Rg6 19. Qh3 Rhg8 20. f3 h5 21. g5 Nh7 22. Rxh5 Nxg5 23. Bxg5 Rxg5 24. Rxg5 Rxg5 25. 0-0-0 Rg6 26. Rh1 Be7 27. Qh8 Bf6 28. Qa8 Qc6 29. Qf8 Qe6 30. Rh7 Bg7 31. Nxg7 Qe7 32. Qxe7+ Kxe7 33. Nf5+ 1-0